Structural and Energy State of Electro-Explosive Aluminum Nanopowder; Key Engineering Materials; Vol. 712 : Advanced Materials for Technical and Medical Purpose (AMTMP 2016)
| Parent link: | Key Engineering Materials: Scientific Journal Vol. 712 : Advanced Materials for Technical and Medical Purpose (AMTMP 2016).— 2016.— [P. 215-219] |
|---|---|
| Hlavní autor: | |
| Korporace: | , |
| Další autoři: | , |
| Shrnutí: | Title screen Using XRD method it was revealed that in the stress-strain state of Al nanopowder lattice a non-significant amount of energy was stored (~0.385 J/g). Nevertheless, according to the data obtained by differential thermal analysis (DTA) the total amount of stored energy in the nanopowder was 348 J/g. The estimated value might be caused by the significant contribution of nanoparticles surface energy, which cannot be detected by means of XRD method. However, the method proposed in the paper can be applied to estimate changes in the structural and energy states of the lattice for nanoparticles or another micro-and nanopowders. Режим доступа: по договору с организацией-держателем ресурса |
| Jazyk: | angličtina |
| Vydáno: |
2016
|
| Edice: | Materials and Technologies in Powder Metallurgy and Additive Manufacturing |
| Témata: | |
| On-line přístup: | http://dx.doi.org/10.4028/www.scientific.net/KEM.712.215 |
| Médium: | MixedMaterials Elektronický zdroj Kapitola |
| KOHA link: | https://koha.lib.tpu.ru/cgi-bin/koha/opac-detail.pl?biblionumber=651315 |
MARC
| LEADER | 00000nla2a2200000 4500 | ||
|---|---|---|---|
| 001 | 651315 | ||
| 005 | 20250116063141.0 | ||
| 035 | |a (RuTPU)RU\TPU\network\16564 | ||
| 035 | |a RU\TPU\network\16561 | ||
| 090 | |a 651315 | ||
| 100 | |a 20161109a2016 k y0engy50 ba | ||
| 101 | 0 | |a eng | |
| 105 | |a y z 100zy | ||
| 135 | |a drgn ---uucaa | ||
| 181 | 0 | |a i | |
| 182 | 0 | |a b | |
| 200 | 1 | |a Structural and Energy State of Electro-Explosive Aluminum Nanopowder |f A. V. Mostovshchikov, A. P. Ilyin, М. А. Zakharova | |
| 203 | |a Text |c electronic | ||
| 225 | 1 | |a Materials and Technologies in Powder Metallurgy and Additive Manufacturing | |
| 300 | |a Title screen | ||
| 330 | |a Using XRD method it was revealed that in the stress-strain state of Al nanopowder lattice a non-significant amount of energy was stored (~0.385 J/g). Nevertheless, according to the data obtained by differential thermal analysis (DTA) the total amount of stored energy in the nanopowder was 348 J/g. The estimated value might be caused by the significant contribution of nanoparticles surface energy, which cannot be detected by means of XRD method. However, the method proposed in the paper can be applied to estimate changes in the structural and energy states of the lattice for nanoparticles or another micro-and nanopowders. | ||
| 333 | |a Режим доступа: по договору с организацией-держателем ресурса | ||
| 461 | 0 | |0 (RuTPU)RU\TPU\network\11477 |t Key Engineering Materials |o Scientific Journal | |
| 463 | 0 | |0 (RuTPU)RU\TPU\network\16425 |t Vol. 712 : Advanced Materials for Technical and Medical Purpose (AMTMP 2016) |o The Workshop , February 15-17, 2016, Tomsk, Russia |o [proceedings] |f National Research Tomsk Polytechnic University (TPU) ; eds. G. E. Osokin [et al.] |v [P. 215-219] |d 2016 | |
| 610 | 1 | |a электронный ресурс | |
| 610 | 1 | |a труды учёных ТПУ | |
| 610 | 1 | |a нанопорошки | |
| 610 | 1 | |a алюминий | |
| 610 | 1 | |a микродеформации | |
| 610 | 1 | |a порошковые материалы | |
| 610 | 1 | |a спекание | |
| 610 | 1 | |a запасенная энергия | |
| 610 | 1 | |a напряженно-деформированные состояния | |
| 610 | 1 | |a дифракция | |
| 610 | 1 | |a рентгеновские лучи | |
| 700 | 1 | |a Mostovshchikov |b A. V. |c Chemist |c Senior Researcher, Professor of Tomsk Polytechnic University, Doctor of Technical Sciences |f 1989- |g Andrey Vladimirovich |y Tomsk |3 (RuTPU)RU\TPU\pers\31091 |9 15320 | |
| 701 | 1 | |a Ilyin |b A. P. |c chemist |c Professor of Tomsk Polytechnic University, Doctor of physical and mathematical sciences |f 1949- |g Aleksandr Petrovich |3 (RuTPU)RU\TPU\pers\33060 |9 16894 | |
| 701 | 1 | |a Zakharova |b М. А. | |
| 712 | 0 | 2 | |a Национальный исследовательский Томский политехнический университет (ТПУ) |b Институт неразрушающего контроля (ИНК) |b Лаборатория № 42 (Сильноточных бетатронов) |3 (RuTPU)RU\TPU\col\19919 |
| 712 | 0 | 2 | |a Национальный исследовательский Томский политехнический университет (ТПУ) |b Институт физики высоких технологий (ИФВТ) |b Кафедра общей химии и химической технологии (ОХХТ) |3 (RuTPU)RU\TPU\col\21253 |
| 801 | 2 | |a RU |b 63413507 |c 20170120 |g RCR | |
| 856 | 4 | |u http://dx.doi.org/10.4028/www.scientific.net/KEM.712.215 | |
| 942 | |c CF | ||